000 01130cad a22002055a 4500
001 L147954
008 090703e20090622xxk 000 0 eng d
035 _a(Sirsi) u147954
041 0 _aeng
110 2 _aCouncil of Mortgage Lenders
_95903
245 0 0 _aMortgage arrears and possessions
_h[electronic resource]
260 _c2009
490 _aCML Market Commentary
_v22 June 2009
520 _aSuggests that fewer borrowers will experience problems with their mortgage payments this year, due to the reductions in interest rates. However, argues that the poor outlook for the jobs market will mean that arrears will still rise. Also reports that there are continuing problems for lenders in increasing the supply of mortgage credit and this, together with the continuing weak economic situation, will mean that activity in the housing market remains low.
590 _aKA
651 4 _aUnited Kingdom
_y
690 _aPROPERTY-RESIDENTIAL PROPERTY-RESIDENTIAL PROPERTY MARKET
856 4 0 _uhttps://www.cml.org.uk/cml/publications/marketcommentary/160
_zView the commentary free of charge at www.cml.org.uk...
942 _n0
999 _c81683
_d81683